| 000 | 00336nam a2200109Ia 4500 | ||
|---|---|---|---|
| 008 | 171211s9999 xx 000 0 und d | ||
| 245 | _aDuMont direkt Reiseführer Französische Atlantikküste: Mit großem Faltplan | ||
| 245 | _cKlaus Simon | ||
| 260 | _c2017 | ||
| 650 | _xTRAVEL | ||
| 856 | _uhttp://down.ebook777.com/062/3770183355.pdf | ||
| 999 |
_c349159 _d349159 |
||